000 00866nam a2200241 a 4500
003 CBULib
005 20240508092310.0
008 080306s2007 ||||||||||||||||| || u
020 _a9789211169768
040 _aCBULib
_bEnglish
_cCBULib
_dCBULib
_erda
050 _aUN-ECE(02)2007/3
110 _aUnited Nations Economic Commission for Europe (UNECE)
245 1 0 _aCEVNI: European Code for inland waterways. (3rd rev. ed.)
_c/by United Nations Economic Commission for Europe (UN-ECE)
250 _a3rd. rev.ed.
260 _aNew York :
_bUNITED NATIONS
_c2007
300 _ax, 205pages. : illustration
336 _2rdacontent
_aText |
_btxt
337 _2rdamedia
_aUnmediated |
338 _2rdacarrier
_aVolume
_bnc
650 _aTRANSPORTATION--EUROPE--INLAND WATERWAYS
942 _2mc
_c029
999 _c36984
_d36984